000 00408nam a22001697a 4500
999 _c160411
_d160411
005 20190128164234.0
010 _aB-084420
020 _a8171678963
_c150.00
035 _aB-084420
037 _bRupa Co.
082 _aS
100 _aGoswami, Indira
245 _aThe shadow of kamakhya /
_cIndira Goswami
260 _aNew Delhi
_bRupa. Co.
300 _a195p.
_c22cm(pbk)
942 _2ddc
_cEN
_hS
_mGOS